| 000 | 00000nam##2200000za#4500 |
| 001 | 9.633148 |
| 003 | CaOODSP |
| 005 | 20210624215203 |
| 007 | cr ||||||||||| |
| 008 | 150407|2005||||xxc|||||o f|0| 0 fre|d |
| 040 | |aCaOODSP|bfre |
| 043 | |an-cn--- |
| 086 | 1 |aCH44-10/2005F-PDF |
| 110 | 1 |aCanada. |bPatrimoine canadien. |
| 245 | 10|aRaconter le Canada : |h[ressource électronique]|bla diversité culturelle au pays et dans le monde |
| 260 | |aOttawa - Ontario : |bPatrimoine canadien |cc2005. |
| 300 | |a30p.|bphotographies |
| 500 | |aLe n° de catalogue (CH44-10/2005) et l’ISBN (0-622-69352-3) de l'édition imprimée bilingue ont été incorrectement copiés dans l’édition électronique. |
| 590 | |a11-02-Supp|b2011-01-27 |
| 691 | 07|aDiversité culturelle|2gcpds |
| 775 | 08|tSharing Canadian stories : |w(CaOODSP)9.688730 |
| 776 | 0#|tSharing Canadian stories : |w(CaOODSP)9.666917 |
| 776 | 0#|tRaconter le Canada : |w(CaOODSP)9.666918 |
| 856 | 40|ahttp://publications.gc.ca|qPDF|s15521 Ko|uhttps://publications.gc.ca/collections/collection_2010/pc-ch/CH44-10-2005-fra.pdf |